LEADER 01185nam a2200337 i 4500 001 991000773159707536 005 20020507173414.0 008 930722s1989 de ||| | eng 020 $a3540500359 035 $ab1075524x-39ule_inst 035 $aLE01302096$9ExL 040 $aDip.to Matematica$beng 082 0 $a511.3 084 $aAMS 03D80 084 $aAMS 03F60 084 $aAMS 46N 100 1 $aPour-El, Marian B.$052750 245 10$aComputability in analysis and physics /$cMarian B. Pour-El, J. Ian Richards 260 $aBerlin :$bSpringer-Verlag,$c1989 300 $ax, 206 p. ;$c25 cm. 490 0 $aPerspectives in mathematical logic 650 0$aComputable functions 650 0$aMathematical analysis 650 0$aPhysics 700 1 $aRichards, J. Ian$eauthor$4http://id.loc.gov/vocabulary/relators/aut$052751 907 $a.b1075524x$b23-02-17$c28-06-02 912 $a991000773159707536 945 $aLE013 03D POU11 (1989)$g1$i2013000146782$lle013$o-$pE0.00$q-$rl$s- $t0$u2$v0$w2$x0$y.i10849464$z28-06-02 996 $aComputability in analysis and physics$91455455 997 $aUNISALENTO 998 $ale013$b01-01-93$cm$da $e-$feng$gxx $h0$i1 LEADER 01474nam0 2200373 450 001 9910748500803321 005 20231102132457.0 010 $a9781912554904$bvol. 1 010 $a9781912554911$bvol. 2 100 $a20231102d2022----km y0itay50 ba 101 1 $aeng$cdut 105 $aa ac 001yy 200 1 $aRubens$earchitecture and sculpture$eRubens's house$fby Nora de Poorter and Frans Baudouin$g[translated from the Dutch by Jantien Black and Lee Preedy] 210 $aLondon$aTurnhout$cHarvey Miller Publishers$d2022 215 $a2 v. (433; 269 p.)$cill.$d27 cm 225 1 $aCorpus Rubenianum Ludwig Burchard$ean illustrated catalogue raisonné of the work of Peter Paul Rubens based on the material assembled by the late Ludwig Burchard in twenty-seven parts$vPart 22.2 300 $aIn testa al frontespizio: Rubens : Architecture and sculpture 327 $a1.: Text$a2.: Appendices & illustrations 517 1 $aRubens$eArchitecture and sculpture 610 0 $aRubens, Peter Paul 610 0 $aAbitazioni$aBelgio$aAnversa 610 0 $aScultura fiamminga 700 1$aPoorter,$bNora de$01431945 701 1$aBaudouin,$bFrans$0490789 702 1$aBlack,$bJantien 702 1$aPreedy,$bLee 801 0$aIT$bUNINA$gREICAT$2UNIMARC 901 $aBK 912 $a9910748500803321 952 $aARCH B 4289 (1)$b818/2023$fFARBC 952 $aARCH B 4289 (2)$b819/2023$fFARBC 959 $aFARBC 996 $aRubens$93574962 997 $aUNINA